Welcome to WEB OPAC of MRSPTU Central Library

Fibre optics communication technology (Record no. 4155)

MARC details
000 -LEADER
fixed length control field 00400nam a2200157Ia 4500
008 - FIXED-LENGTH DATA ELEMENTS--GENERAL INFORMATION
fixed length control field 230711s9999||||xx |||||||||||||| ||und||
041 ## - LANGUAGE CODE
Language code of text/sound track or separate title ENG
082 ## - DEWEY DECIMAL CLASSIFICATION NUMBER
Classification number 4
Item number MY-F
100 ## - MAIN ENTRY--PERSONAL NAME
Personal name Mynbaev,Djafar K.
245 #0 - TITLE STATEMENT
Title Fibre optics communication technology
250 ## - EDITION STATEMENT
Edition statement 1st . . Ed.
260 ## - PUBLICATION, DISTRIBUTION, ETC.
Date of publication, distribution, etc. 2003
Place of publication, distribution, etc. New Delhi
Name of publisher, distributor, etc. Pearson
650 ## - SUBJECT ADDED ENTRY--TOPICAL TERM
Topical term or geographic name entry element Electronics Engineering
700 ## - ADDED ENTRY--PERSONAL NAME
Personal name Scheiner,Lowell L
942 ## - ADDED ENTRY ELEMENTS (KOHA)
Koha item type Book
Holdings
Withdrawn status Lost status Damaged status Not for loan Collection Home library Current library Date acquired Total checkouts Full call number Barcode Date last seen Price effective from Koha item type
          MRSPTU Central Library MRSPTU Central Library     4 MY-F 14065 08/17/2023 08/17/2023 Book
          MRSPTU Central Library MRSPTU Central Library     4 MY-F 14066 08/17/2023 08/17/2023 Book
          MRSPTU Central Library MRSPTU Central Library     4 MY-F 14067 08/17/2023 08/17/2023 Book
          MRSPTU Central Library MRSPTU Central Library     4 MY-F 14727 08/17/2023 08/17/2023 Book
          MRSPTU Central Library MRSPTU Central Library     4 MY-F 14728 08/17/2023 08/17/2023 Book
          MRSPTU Central Library MRSPTU Central Library     4 MY-F 14729 08/17/2023 08/17/2023 Book
          MRSPTU Central Library MRSPTU Central Library     4 MY-F 14730 08/17/2023 08/17/2023 Book
          MRSPTU Central Library MRSPTU Central Library     4 MY-F 14731 08/17/2023 08/17/2023 Book

Website Designed and Developed by MRSPTU Central Library Team

E-mail Id: librarian@mrsptu.ac.in